000 00328nam a2200133Ia 4500
008 240624s9999 xx 000 0 und d
041 _aeng
082 _a668.54 OST
100 _aOSTROM LIZZIE
245 _aPERFUME A CENTURY OF SCENTS
260 _c2016
_aNew York
_bPegasus Books
300 _a374 p.; 23 cm.
365 _c
_b33
999 _c32367
_d32367